বাংলাদেশ সরকারের জাতীয় নীতিমালা / (Record no. 100644)
[ view plain ]
| 000 -LEADER | |
|---|---|
| fixed length control field | 00780nam a22001697a 4500 |
| 003 - CONTROL NUMBER IDENTIFIER | |
| control field | BD-DhUL |
| 005 - DATE AND TIME OF LATEST TRANSACTION | |
| control field | 20160822184922.0 |
| 008 - FIXED-LENGTH DATA ELEMENTS--GENERAL INFORMATION | |
| fixed length control field | 160822s2000 b ||||| |||| 00| 0 eng d |
| 040 ## - CATALOGING SOURCE | |
| Transcribing agency | BD-DhUL |
| Modifying agency | BD-DhUL |
| 082 ## - DEWEY DECIMAL CLASSIFICATION NUMBER | |
| Classification number | 338.95492 |
| Item number | BAN |
| 245 10 - TITLE STATEMENT | |
| Title | বাংলাদেশ সরকারের জাতীয় নীতিমালা / |
| Statement of responsibility, etc. | সংগ্রহ ও সংকলন মিয়া মুহাম্মদ আইয়ুব ও আবুল কাসেম হায়দার |
| 260 ## - PUBLICATION, DISTRIBUTION, ETC. (IMPRINT) | |
| Place of publication, distribution, etc. | ঢাকা : |
| Name of publisher, distributor, etc. | হাক্কানী পাবলিশার্স, |
| Date of publication, distribution, etc. | ২০০০. |
| 300 ## - PHYSICAL DESCRIPTION | |
| Extent | ৪০০ পৃ. ; |
| Dimensions | ২১ সে. মি. |
| 650 #0 - SUBJECT ADDED ENTRY--TOPICAL TERM | |
| Topical term or geographic name as entry element | অর্থনৈতিক পরিকল্পনা |
| 650 #0 - SUBJECT ADDED ENTRY--TOPICAL TERM | |
| Topical term or geographic name as entry element | Economic Plan |
| 942 ## - ADDED ENTRY ELEMENTS (KOHA) | |
| Source of classification or shelving scheme | |
| Koha item type | Books |
| Price effective from | Date last seen | Permanent Location | Not for loan | Date acquired | Source of classification or shelving scheme | Koha item type | Lost status | Withdrawn status | Copy number | Source of acquisition | Collection code | Damaged status | Shelving location | Barcode | Current Location | Full call number |
|---|---|---|---|---|---|---|---|---|---|---|---|---|---|---|---|---|
| 2016-08-22 | 2016-08-22 | Dhaka University Library | 2016-08-22 | Books | 2 | Purchased | Non Fiction | General Stacks | 399914 | Dhaka University Library | 338.95492 BAN |
